Animaux qui commencent par la lettre C - Statistiques

Statistiques générales
  • Ce quiz a été pris 688 fois
    281 depuis la dernière actualisation
  • Le résultat moyen est 13 sur 46
Statistiques - réponses
Réponse % Correct
chat
96%
chien
95%
cheval
69%
canard
57%
chevre
52%
cochon
52%
crocodile
49%
chameau
40%
cerf
37%
crabe
36%
chimpanze
35%
castor
33%
coq
33%
chevreuil
31%
chouette
30%
caïman
28%
crevette
28%
cacatoès
27%
carpe
27%
crapaud
27%
cameleon
26%
colibri
25%
corbeau
25%
chinchilla
23%
couleuvre
23%
cygne
22%
chauve-souris
21%
cochon d'inde
21%
cobra
20%
cachalot
19%
caribou
19%
cigogne
17%
corneille
15%
calmar
14%
colombe
12%
caille
11%
crotale
11%
capybara
10%
coucou
10%
cougar
7%
coyote
7%
condor
6%
calao
3%
carcajou
3%
capucin
2%
cycloptère
0%
Aucun quiz correspondant
Distribution des résultats
% des personnes avec chaque résultat
Percentile par nombre de réponses
Votre historique - résultats
Vous n’avez pas pris ce quiz depuis la dernière actualisation